| 000 | 00000nam 2200000zi 4500 |
| 001 | 9.924097 |
| 003 | CaOODSP |
| 005 | 20240918080514 |
| 006 | m o d f |
| 007 | cr |n||||||||| |
| 008 | 230620e198809 oncbd ob f000 0 fre d |
| 040 | |aCaOODSP|bfre|erda|cCaOODSP |
| 043 | |an------|ae-it--- |
| 086 | 1 |aId54-57/1988F-PDF |
| 245 | 03|aLa fabrication au Canada de machines destinées au marché nord-américaine de l'industrie des plastiques : |bcahier d'information à l'intention des cadres italiens. |
| 264 | 1|a[Ottawa] : |bInvestissement Canada, |cseptembre 1988. |
| 300 | |a1 ressource en ligne (32 pages non numérotées) : |bcarte, graphique |
| 336 | |atexte|btxt|2rdacontent/fre |
| 337 | |ainformatique|bc|2rdamedia/fre |
| 338 | |aressource en ligne|bcr|2rdacarrier/fre |
| 500 | |aÉdition numérisée de l'imprimé [par Innovation, sciences et développement économique Canada]. |
| 504 | |aComprend des références bibliographiques. |
| 650 | 6|aMatières plastiques|xIndustrie|zAmérique du Nord|xAppareils et matériel. |
| 650 | 6|aInvestissements italiens|zAmérique du Nord. |
| 650 | 0|aPlastics industry and trade|zNorth America|xEquipment and supplies. |
| 650 | 0|aInvestments, Italian|zNorth America. |
| 710 | 2 |aInvestissement Canada, |eorganisme de publication. |
| 856 | 40|qPDF|s823 Ko|uhttps://publications.gc.ca/collections/collection_2024/isde-ised/Id54-57-1988-fra.pdf |